[Event "Rohde op 07th"]
[Site "Sautron"]
[Date "2007.10.29"]
[Round "4"]
[White "Shirazi, Kamran"]
[Black "Friedel, Joshua E"]
[Result "0-1"]
[WhiteElo "2408"]
[BlackElo "2477"]
[Annotator "RR"]
[PlyCount "80"]
[EventDate "2007.10.27"]
[EventType "swiss"]
[EventRounds "9"]
[EventCountry "FRA"]
[SourceTitle "EXT 2008"]
[Source "ChessBase"]
[SourceDate "2007.11.25"]
[SourceVersion "1"]
[SourceVersionDate "2007.11.25"]
[SourceQuality "1"]

1. Nf3 Nc6 2. g3 e5 (2... d5) 3. d3 d5 4. Bg2 Nf6 5. O-O Be7 6. c4 (6. Nbd2)
6... O-O 7. cxd5 {Retombe d'une Reti vers une anglaise} Nxd5 8. Nc3 Be6 (8...
Nb6 {La grande ligne} 9. a3 Be6 (9... a5) (9... Re8) (9... f5)) 9. Bd2 (9. d4 {
Plus courant}) 9... Nb6 10. Rb1 {Comme souvent Shirazi choisit une ligne
secondaire} ({RR} 10. Qc1 Qd7 11. Rd1 f5 12. Ng5 Bxg5 13. Bxg5 f4 14. gxf4 h6
15. f5 Bxf5 16. Bh4 Bh3 17. Bg3 Bxg2 18. Kxg2 Nd5 19. e3 Qf7 20. Kg1 Rad8 21.
Nxd5 Rxd5 22. Qc4 Kh8 23. Qe4 Rfd8 24. Rd2 Qd7 {Solin,I-Lilienthal,A/Warsaw
1935/EXT 2004/0-1 (44)}) 10... a5 (10... f6) 11. a3 (11. b3 Qd7) 11... a4 $146
{[%csl Rb3]} (11... f6) 12. Be3 Bb3 13. Qc1 {[%csl Rb1]} (13. Qd2 Nd5 14. Nxd5
Bxd5 $15 {les noirs ont un jeu facile}) 13... Nd5 14. Nd2 Nxe3 15. fxe3 Be6 $15
{[%csl Ge6,Ge7]} 16. Nc4 {[%cal Gg2c6,Gc4e5]} f6 17. Qc2 Qd7 18. Nxa4 b5 19.
Nd2 (19. Nab6 $3 cxb6 20. Nxb6 Nd4 $8 21. Qd2 (21. exd4 Qxd4+)) 19... Nd4 $1
20. exd4 Qxd4+ 21. Kh1 bxa4 22. Qxc7 Bd6 23. Qc2 Rac8 24. Nc4 e4 25. Qxa4 (25.
Bxe4 f5 26. Bg2 f4) 25... exd3 26. exd3 Bxg3 $6 27. hxg3 Rc5 {[%cal Gc5h5]} 28.
Bf3 $1 {[%csl Gh5]} Qxd3 29. Rbd1 (29. Nb6 {Un coup surprenant qui doit
permettre de garder le matériel d'avance}) 29... Qg6 30. Rd4 $2 (30. Nd6) 30...
Bxc4 31. Qb4 (31. Rxc4 Qd3 $1 {[%cal Gd3f1,Gd3c4]} 32. Rcc1 Rxc1 33. Rxc1 Qxf3+
) 31... Rfc8 32. Rfd1 Qxg3 33. Rd8+ Kf7 34. R8d7+ $2 {Joué dans le mauvais
ordre de coups!} (34. Qb7+ $142 R8c7 35. R8d7+ $13) 34... Ke8 35. Qb7 Qh3+ 36.
Kg1 Rg5+ 37. Kf2 Qg3+ 38. Ke3 Re5+ 39. Kd4 Qf2+ 40. Kc3 Ba6+ 0-1

[Event "WchT 9th"]
[Site "Antalya"]
[Date "2013.12.04"]
[Round "8.4"]
[White "Nepomniachtchi, Ian"]
[Black "Kryvoruchko, Yuriy"]
[Result "1-0"]
[WhiteElo "2721"]
[BlackElo "2701"]
[Annotator "RR"]
[PlyCount "83"]
[EventDate "2013.11.26"]
[EventType "team-tourn"]
[EventRounds "9"]
[EventCountry "TUR"]
[SourceTitle "CBM 158"]
[Source "ChessBase"]
[SourceDate "2014.01.16"]
[SourceVersion "1"]
[SourceVersionDate "2014.01.16"]
[SourceQuality "1"]
[WhiteTeam "Russia"]
[BlackTeam "Ukraine"]
[WhiteTeamCountry "RUS"]
[BlackTeamCountry "UKR"]

1. c4 e5 2. Nc3 Nf6 3. Nf3 Nc6 4. g3 Bc5 5. Nxe5 Nxe5 6. d4 Qe7 7. dxe5 Qxe5 8.
Bg2 d6 9. Bf4 Qe6 10. Rc1 O-O 11. a3 a6 12. O-O Re8 13. Rc2 h6 14. b4 Ba7 15.
Qd3 Qe7 16. h3 Rb8 17. Nd5 Nxd5 18. cxd5 Bb6 19. e4 Bd7 20. Rfc1 Ba4 21. Rc3
Rbd8 22. Be3 Bxe3 23. Qxe3 Rd7 24. Qd2 Qd8 25. h4 Rde7 26. Rc4 c6 27. Rd4 cxd5
28. Rxd5 Re6 29. Rd4 Qe7 30. Kh2 Bc6 31. Rcc4 Qf6 32. f3 Qe7 33. Rc2 Ba4 34.
Rc3 Bc6 35. Bf1 Rf6 36. Bc4 Rd8 37. Bd5 Bxd5 38. Rxd5 Re6 39. Rcd3 Qf6 40. Kg2
$16 {/+/=} Qa1 $2 41. Rc3 $1 Rde8 42. Qc2 {[%cal Rd5d1]} 1-0

[Event "Rohde op 07th"]
[Site "Sautron"]
[Date "2007.10.29"]
[Round "4"]
[White "Kosten, Anthony C"]
[Black "Das, Arghyadip"]
[Result "0-1"]
[WhiteElo "2519"]
[BlackElo "2367"]
[Annotator "RR"]
[PlyCount "98"]
[EventDate "2007.10.27"]
[EventType "swiss"]
[EventRounds "9"]
[EventCountry "FRA"]
[SourceTitle "EXT 2008"]
[Source "ChessBase"]
[SourceDate "2007.11.25"]
[SourceVersion "1"]
[SourceVersionDate "2007.11.25"]
[SourceQuality "1"]

1. c4 e5 2. Nc3 Nf6 3. Nf3 Nc6 4. g3 d5 5. cxd5 Nxd5 6. Bg2 Nb6 7. O-O Be7 8.
a3 O-O (8... g5 $5 9. d3 g4 10. Nd2 h5 {[%cal Gh5h4]}) 9. b4 Be6 10. d3 a5 (
10... f6 $5 11. Rb1 a5 (11... a6 12. Ne4 Ba2 13. Rb2 Bd5 14. Nc5 {[%csl Gc5]}
Rb8 15. e4 $13) (11... Nd4 12. Nd2 (12. Nxd4 exd4 {[%csl Re2]} 13. Ne4 Bd5 $11
{[%csl Gd5]}) 12... c6) 12. b5 Nd4 13. Nd2 Bd5 $5 {Les noirs ont des bons
résultats avec cette idée d'occupation de la case forte "d5" et les blancs ont
souvent du mal а coordonner leurs pièces.} 14. Nxd5 Nxd5 {[%csl Rc3,Gd5]} 15.
Ne4 a4 {[%csl Ra3]} 16. e3 Nb3 17. Rxb3 axb3 18. Qxb3 {[%cal Gb3g8,Gg2d5]} Kh8
$13) 11. b5 Nd4 12. Rb1 (12. Nd2 c6 13. bxc6 Nxc6) 12... f6 13. Nd2 Nd5 (13...
Qc8 {[%cal Ge6h3,Gc8b7]} 14. e3 Nf5 15. Qc2 (15. Qe2)) (13... Bd5 14. Nxd5 (14.
Bh3) 14... Nxd5 15. Ne4 a4) 14. Bxd5 Bxd5 15. e3 Be6 $5 {[%csl Rd4] Il y a
trés peu de parties avec ce sacrifice mais а part la 1ère jouée en 1991 qui
s'est terminée par la nulle, les blancs ont ensuite remporté toutes les autres
rencontres et Kosten est tenté de suivre cette variante} 16. exd4 Qxd4 17. Nde4
$1 (17. Bb2 $143 {[%cal Gb2d4]} Qxd3 18. Nde4 Qc4 (18... Qxd1 19. Rfxd1) 19.
Qf3 Rad8 {[%csl Rd3]} 20. Rfd1 $13) 17... Rfd8 18. b6 $5 $146 {[%cal Gc3b5,
Gb5d4,Gb5c7] La préparation du GMI} (18. Be3 Qxd3 19. Qxd3 Rxd3 20. Rfd1 Rxd1+
21. Rxd1 Bxa3 22. Bc5 Bb4 23. Nd5 Bg4 24. Rc1 Bf3 25. Nxc7 Rd8 26. Ne6 Rd5 27.
Bxb4 axb4 {1/2-1/2 Vaulin,A (2510)-Karpeshov,O (2295)/Pavlodar 1991/EXT 1997})
18... cxb6 19. Nb5 $2 {[%cal Gb5d4]} (19. Be3 $1 {[%cal Ge3b6] il semblait
plus naturel de sortir une pièce supplémentaire avc un gain de temps} Qxd3 20.
Qa4 $36 {[%cal Gf1d1,Gb1b6]} f5 {[%cal Gd3c3]} (20... b5) (20... Qc4 21. Rxb6)
21. Rxb6 {[%cal Gb6e6]}) 19... Qxd3 20. Qxd3 Rxd3 {Malgré l'échange des Q, les
noirs ont toujours des compensations} 21. Nc7 Ba2 $1 22. Nxa8 (22. Rxb6 $11)
22... Bxb1 23. Nxb6 Bc2 24. Nc4 $2 (24. Re1 {[%cal Ge1e4]} a4 {[%csl Ra3]})
24... Rd4 $15 25. Ned2 Bd3 $1 {[%cal Gd3f1,Gd3c4]} 26. Nxa5 (26. Re1 Bxc4)
26... Bxf1 27. Kxf1 Ra4 28. Ndb3 Bxa3 29. Be3 b5 30. Ke2 Bf8 31. Bb6 Ra2+ 32.
Kd3 Bb4 33. Nc6 Be1 34. f4 Rb2 $17 35. Nc5 exf4 36. gxf4 Rxh2 37. Nd4 h5 38.
Ne4 h4 39. Nf3 Rh1 40. Ke2 Bg3 41. f5 b4 42. Bg1 b3 $19 {[%csl Rb3]} 43. Bd4
Bf4 44. Nf2 Rc1 45. Kd3 Rc2 46. Nh3 Be5 47. Bxe5 fxe5 48. Nd2 e4+ 49. Nxe4 Rc6
{[%mdl 512]} 0-1

[Event "London Classic 3rd"]
[Site "London"]
[Date "2011.12.08"]
[Round "5"]
[White "Nakamura, Hikaru"]
[Black "Howell, David"]
[Result "1-0"]
[WhiteElo "2758"]
[BlackElo "2633"]
[Annotator "RR"]
[PlyCount "75"]
[EventDate "2011.12.03"]
[EventType "tourn"]
[EventRounds "9"]
[EventCountry "ENG"]
[EventCategory "20"]
[SourceTitle "CBM 146"]
[Source "ChessBase"]
[SourceDate "2012.01.18"]
[SourceVersion "1"]
[SourceVersionDate "2012.01.18"]
[SourceQuality "1"]

1. c4 e5 2. Nc3 Nf6 3. g3 Bb4 4. Nf3 Bxc3 5. bxc3 Nc6 6. Bg2 O-O 7. O-O Re8 8.
d3 e4 9. Nd4 exd3 10. exd3 Nxd4 11. cxd4 d5 12. Be3 h6 13. h3 b6 14. Rc1 Qd7
15. Bf4 Bb7 16. Be5 Nh7 17. c5 Rac8 18. h4 Nf8 19. Kh2 bxc5 20. Bh3 Ne6 21.
Rxc5 f6 22. Bf4 Qd8 23. Ra5 c5 24. Rxa7 Qb6 25. Ra4 Nxd4 26. Qh5 Qc6 $2 (26...
f5 27. Be3 g6 $11) 27. Rb1 Ra8 $2 (27... Ba6 28. Bxc8 Bxc8) 28. Rxa8 $18 Rxa8
29. Bg2 (29. Re1 Kf8 30. Bxh6 $1) 29... Ne6 $2 (29... f5 30. Be5 Rf8) 30. Rxb7
$1 $18 Qxb7 31. Bxd5 Qc8 32. Bxh6 Ra6 33. Be3 Rd6 34. Bxc5 $5 Rxd5 35. Qxd5 Kf7
36. Be3 Qa6 37. Qc4 Qa8 38. d4 1-0

[Event "EU-chT (Men) 18th"]
[Site "Porto Carras"]
[Date "2011.11.04"]
[Round "2.4"]
[White "Nepomniachtchi, Ian"]
[Black "Stocek, Jiri"]
[Result "1-0"]
[WhiteElo "2730"]
[BlackElo "2600"]
[Annotator "RR"]
[PlyCount "71"]
[EventDate "2011.11.03"]
[EventType "team-swiss"]
[EventRounds "9"]
[EventCountry "GRE"]
[SourceTitle "CBM 146"]
[Source "ChessBase"]
[SourceDate "2012.01.18"]
[SourceVersion "1"]
[SourceVersionDate "2012.01.18"]
[SourceQuality "1"]
[WhiteTeam "Russia"]
[BlackTeam "Czech Republic"]
[WhiteTeamCountry "RUS"]
[BlackTeamCountry "CZE"]

1. c4 Nf6 2. Nc3 e5 3. Nf3 Nc6 4. g3 Bc5 5. Bg2 d6 6. O-O O-O 7. e3 a6 8. b3 h6
9. Bb2 Ba7 10. Qc2 Re8 11. Nh4 Nb4 12. Qb1 Qe7 13. a3 Nc6 14. Nd5 Nxd5 15. cxd5
Nb8 16. f4 Nd7 17. Nf5 Qf8 18. Qc2 Bb6 19. Rf2 f6 20. Raf1 e4 21. Bxe4 Rxe4 22.
Qxe4 Nc5 23. Qc2 Qe8 24. Nh4 Bd7 $6 (24... Qe4 25. Qxe4 Nxe4 $16) 25. Bd4 $18
Ne4 26. Re2 Nxg3 27. hxg3 Bxd4 28. Rg2 Bc5 29. g4 c6 30. g5 Bh3 31. gxh6 Bxg2
32. h7+ Kh8 33. Kxg2 g6 34. Nxg6+ Kxh7 35. Rh1+ Kg7 {[%tqu "En","","","",
"g6e7","",10]} 36. Ne7 $1 1-0

[Event "POL-chT 66th"]
[Site "Katowice"]
[Date "2010.09.07"]
[Round "4"]
[White "Navara, David"]
[Black "Tomczak, Jacek"]
[Result "1-0"]
[WhiteElo "2722"]
[BlackElo "2533"]
[Annotator "RR"]
[PlyCount "65"]
[EventDate "2010.09.04"]
[EventType "team-tourn"]
[EventRounds "9"]
[EventCountry "POL"]
[SourceTitle "EXT 2016"]
[Source "ChessBase"]
[SourceDate "2015.10.08"]
[SourceVersion "1"]
[SourceVersionDate "2015.10.08"]
[SourceQuality "1"]
[WhiteTeam "Katowice Szopienice"]
[BlackTeam "Poznan Pocztowiec"]
[WhiteTeamCountry "POL"]
[BlackTeamCountry "POL"]

1. c4 Nf6 2. Nc3 e5 3. Nf3 Nc6 4. g3 d5 5. cxd5 Nxd5 6. Bg2 Nb6 7. O-O (7. d3
Be7) 7... Be7 8. a3 O-O (8... g5 {Efficace en blitz mais assez douteux en
cadence longue} 9. d3 (9. d4 $1) 9... g4 $13) 9. b4 Re8 (9... Be6 {La grande
ligne} 10. d3 f6 11. Rb1 a5 12. b5 Nd4 13. Nd2 Qc8 14. e3 Nf5 15. Qc2 Rd8) 10.
d3 (10. b5 Nd4 11. Nxe5 Bf6 12. f4 Bxe5 13. fxe5 Rxe5 14. Rf4 Nxb5 15. Bb2 Nd6
16. Ne4 Re7 17. Qc2 f5 $6 18. Nxd6 cxd6 19. e4 fxe4 $2 {Minasian,A (2466)
-Aronian,L (2551) ARM-ch Yerevan 2000 (8) 1-0} (19... Be6) (19... Qc7)) 10...
Bf8 11. Bb2 (11. Rb1 $5 a5 12. b5 Nd4 13. Nd2 a4) 11... a5 (11... Bg4 {
L'alternative} 12. h3 Bh5 {Smirin,I (2590)-Alterman,B (2600) Israel 1993 0-1})
12. b5 Nd4 13. Nd2 {[%csl Rb7,Gg2][%cal Gg2b7]} a4 $132 {[%csl Ra3,Gb3]} 14. e3
(14. Nc4 Nxc4 15. dxc4 Nb3 16. Qxd8 Rxd8 17. Rad1 Rd2 18. Rb1 Bf5 19. Bxb7 Ra7
20. Be4 Bxe4 21. Nxe4 Rxe2 22. Rfe1 Rc2 23. Bxe5 Rxc4 24. Rbd1 Ra8 25. Rd7 Rc8
26. f3 Bxa3 27. Red1 Bf8 28. Rd8 Rc1 29. Rxc8 Rxd1+ 30. Kg2 a3 31. Ra8 Nd4 32.
Bxc7 Nxb5 33. Bb6 h6 34. Bc5 a2 35. Rxa2 Bxc5 {1/2-1/2 (35) Movsesian,S (2705)
-Navara,D (2702) Prague 2011}) 14... Nb3 $5 $146 (14... Ne6 15. Qc2 g6 16. Nc4
Nc5 17. Rad1 Bg4 18. Nxb6 cxb6 19. d4 Bxd1 20. Rxd1 exd4 21. Rxd4 Qg5 22. Nd5
Bg7 23. Rc4 Rad8 24. h4 Qh5 25. Bxg7 Kxg7 26. Nxb6 Nd3 27. Qc3+ Ne5 28. Rd4 Kh6
29. Nd5 Nf3+ 30. Bxf3 Qxf3 31. Qd2 Rf8 32. h5 g5 33. e4 Rde8 34. Qa5 Rc8 35.
Qe1 Rc5 36. Ne3 Kxh5 37. Qf1 Kg6 38. Qb1 Re8 39. Rd1 Rce5 40. Nf5 Qxe4 41. Nd6
Qxb1 42. Rxb1 Rd8 43. Nxb7 Rb8 44. Nd6 {Jakovenko,D (2709)-Li,C (2590) Ningpo
2008 0-1}) 15. Nxb3 axb3 16. a4 (16. Qxb3 Qxd3 $132 {[%cal Gc8e6]}) 16... Ra5
$5 {[%csl Ra5] Un coup bizarre} 17. Qxb3 (17. Qe2 {[%cal Gf1d1]} Bf5 $132)
17... Qxd3 18. Rfd1 Qc4 19. Qc2 Bg4 (19... c6) 20. Rdc1 c6 21. bxc6 bxc6 22.
Ba3 Bxa3 23. Rxa3 Bd7 $2 24. Qb1 (24. Qb2 {[%cal Gc1c4,Gc3d5]} Qa6 25. Bf1 Qa7
26. Rb3 Nxa4 27. Nxa4 Rxa4 28. Rb7) 24... Qa6 25. Ne4 (25. Bf1 Qa7 26. Rb3 Rb8
27. Ne4 $16) 25... Nd5 $2 26. Nd6 Ra8 27. Nc4 $40 Rc5 28. Nxe5 Nc3 29. Rcxc3
Rxe5 30. Qc1 Rc8 31. Rc5 Rxc5 32. Qxc5 Rb8 33. Ra1 1-0

[Event "Sautron op 14th"]
[Site "Sautron"]
[Date "2014.10.25"]
[Round "5"]
[White "Lagarde, Maxime"]
[Black "Neelotpal, Das"]
[Result "1-0"]
[WhiteElo "2566"]
[BlackElo "2424"]
[Annotator "RR"]
[PlyCount "87"]
[EventDate "2014.10.26"]
[EventType "swiss"]
[EventRounds "9"]
[EventCountry "FRA"]
[SourceTitle "EXT 2015"]
[Source "ChessBase"]
[SourceDate "2014.11.20"]
[SourceVersion "1"]
[SourceVersionDate "2014.11.20"]
[SourceQuality "1"]
[TimeControl "40/5400+30:1800+30"]
[WhiteClock "0:26:38"]
[BlackClock "0:27:40"]

1. c4 {[%emt 0:00:00]} e5 {[%emt 0:00:43]} 2. Nc3 {[%emt 0:00:00]} Nf6 {
[%emt 0:00:03]} 3. g3 {[%emt 0:00:01]} d5 {[%emt 0:06:31]} 4. cxd5 {[%emt 0:00:
07]} Nxd5 {[%emt 0:00:03]} 5. Bg2 {[%emt 0:00:24]} Ne7 {[%emt 0:01:04] Un peu
bizarre} (5... Nb6 {Neelotpal,D (2424)-Belenkaya,D (2340) 14th Op Sautron 2014
(4) 1-0 La grande ligne}) 6. Nf3 {[%emt 0:01:50]} Nbc6 {[%emt 0:00:11]} 7. b4
$1 {[%emt 0:05:25][%csl Re5]} a6 {[%emt 0:00:09]} 8. Bb2 {[%emt 0:05:42]} (8.
O-O g6 9. a4 Bg7 10. Ba3 $14) 8... g6 {[%emt 0:02:36]} 9. a3 {[%emt 0:01:09]} (
9. a4 Bg7 10. b5 Nd4 11. Nxd4 exd4 12. Ne4 O-O 13. O-O Re8 14. Qc2 c6 15. d3
cxb5 16. axb5 Nd5 17. Rfc1 Rb8 18. Qc5 Nc3 19. Nxc3 dxc3 20. Bxc3 Bxc3 21. Rxc3
Rxe2 22. b6 Qf6 23. Rf1 Bf5 24. Qb4 Re6 25. Rb3 Rd6 26. Qf4 Rbd8 27. Bxb7 Rxb6
28. Rxb6 Qxb6 29. Be4 Be6 30. Qf6 Qd4 31. Qxd4 Rxd4 32. Ra1 Bc8 33. Rc1 Bd7 34.
Ra1 Bb5 35. Bb7 Rd7 36. Bc8 Rc7 37. Bxa6 Ra7 38. Bxb5 Rxa1+ {Mastrovasilis,A 
(2543)-Mchedlishvili,M (2609) Dresden 2007 0-1 (75)}) 9... Bg7 {[%emt 0:00:07]}
10. d3 {[%emt 0:00:07]} O-O {[%emt 0:01:15]} 11. O-O {[%emt 0:00:20]} Nf5 {
[%emt 0:00:44]} (11... h6 {[%cal Gc8e6]}) 12. Rc1 {[%emt 0:00:41]} Ncd4 $146 {
[%emt 0:03:52]} (12... Nfd4 13. e3 Ne6 14. Na4 Qd6 15. Qb3 Ncd8 16. Nd2 f6 17.
Nc4 Qe7 18. Ncb6 Rb8 19. Nxc8 Rxc8 20. d4 Kh8 21. Rfd1 Rb8 22. Rc2 Ng5 23. dxe5
fxe5 24. f4 Ngf7 25. Nc5 Rc8 26. Bh3 {1-0 (26) Ilivitzki,G-Dzagarov Soviet
Union 1967}) 13. Nd2 {[%emt 0:00:34]} c6 {[%emt 0:00:18][%csl Rb6]} 14. Nc4 {
[%emt 0:01:43]} Re8 {[%emt 0:01:24]} 15. Ne4 {[%emt 0:01:50]} Nb5 {[%emt 0:23:
23]} 16. e3 {[%emt 0:13:07]} Nbd6 {[%emt 0:03:10]} 17. Qe2 {[%emt 0:00:45]} Qe7
{[%emt 0:02:45]} 18. Nb6 {[%emt 0:02:19]} Rb8 {[%emt 0:10:44]} 19. Nc5 $14 {
[%emt 0:02:59]} h5 {[%emt 0:00:32]} 20. a4 {[%emt 0:06:52]} Nh6 {[%emt 0:02:00]
} 21. Nxc8 {[%emt 0:03:02]} Rbxc8 {[%emt 0:00:19]} 22. e4 {[%emt 0:00:20]} h4 {
[%emt 0:06:55]} 23. f4 {[%emt 0:08:11]} (23. Bh3 $5) 23... hxg3 {[%emt 0:01:06]
} 24. hxg3 {[%emt 0:00:57]} Rcd8 {[%emt 0:04:56]} 25. Qf3 {[%emt 0:05:35]} f5 {
[%emt 0:02:02]} (25... exf4 26. Bxg7 Kxg7 27. gxf4) 26. fxe5 {[%emt 0:05:33]}
Bxe5 {[%emt 0:01:13]} 27. d4 {[%emt 0:00:05]} Bg7 {[%emt 0:00:13]} 28. e5 $16 {
[%emt 0:02:42]} Nc8 {[%emt 0:00:51]} 29. b5 $1 $36 {[%emt 0:01:24][%csl Rb7]}
axb5 {[%emt 0:00:19]} 30. axb5 {[%emt 0:01:22]} Na7 {[%emt 0:03:20]} 31. Qb3+ {
[%emt 0:05:51]} (31. b6 $142 Nc8 (31... Nb5 32. Nxb7 $1 Qxb7 33. Qxc6) 32. Qb3+
Kh7 33. Nxb7 $1) 31... Kh7 {[%emt 0:00:17]} 32. bxc6 {[%emt 0:01:08]} bxc6 {
[%emt 0:00:31]} 33. Qb7 {[%emt 0:06:09]} Ng4 {[%emt 0:05:38]} 34. Bf3 {[%emt 0:
06:08]} Qg5 {[%emt 0:08:09]} 35. Rc2 {[%emt 0:00:39]} Re7 {[%emt 0:07:06]} 36.
Bc1 {[%emt 0:05:14]} Ne3 {[%emt 0:00:02]} 37. Rh2+ {[%emt 0:00:05]} Bh6 {
[%emt 0:00:03]} 38. Qxe7+ {[%emt 0:01:49]} Qxe7 {[%emt 0:00:09]} 39. Bxe3 {
[%emt 0:00:02]} g5 {[%emt 0:00:07]} 40. Kf2 {[%emt 0:00:00]} Kg6 {[%emt 0:00:
00]} 41. Rb1 {[%emt 0:11:31]} Nb5 {[%emt 0:06:42]} 42. Rbh1 {[%emt 0:00:28]}
Bf8 {[%emt 0:01:21]} 43. Bh5+ {[%emt 0:00:34]} Kg7 {[%emt 0:00:57]} 44. Bxg5 {
[%emt 0:00:38]} 1-0

[Event "Linares 27th"]
[Site "Linares"]
[Date "2010.02.19"]
[Round "6"]
[White "Topalov, Veselin"]
[Black "Vallejo Pons, Francisco"]
[Result "1-0"]
[WhiteElo "2805"]
[BlackElo "2705"]
[Annotator "RR"]
[PlyCount "80"]
[EventDate "2010.02.13"]
[EventType "tourn"]
[EventRounds "10"]
[EventCountry "ESP"]
[EventCategory "21"]
[SourceTitle "CBM 135"]
[Source "ChessBase"]
[SourceDate "2010.03.17"]
[SourceVersion "1"]
[SourceVersionDate "2010.03.17"]
[SourceQuality "1"]

1. c4 Nf6 2. Nc3 e5 3. Nf3 Nc6 4. g3 d5 5. cxd5 Nxd5 6. Bg2 Nb6 7. a3 g5 8. d3
g4 9. Nd2 h5 10. b4 h4 11. Bb2 Rh6 12. Nb3 Nd4 13. Nc5 c6 14. e3 Ne6 15. O-O
hxg3 16. fxg3 Nxc5 17. bxc5 Bxc5 18. Qe2 Be7 19. Rad1 f5 20. Qf2 Be6 21. e4 Rh5
22. Ne2 Qc7 23. exf5 Rxf5 24. Qe3 Na4 25. Qh6 Kd7 26. Rxf5 Nxb2 27. Rdf1 Bxf5
28. Rxf5 Nxd3 29. h4 Qd6 30. Qg7 Qxa3 31. Kh2 a5 32. Rf7 a4 33. h5 Ne1 34.
Qxg4+ Kc7 35. Qe6 Re8 36. Qxe5+ Kb6 37. Rf5 Qb4 38. Qe3+ Bc5 $4 {[%mdl 8192]} (
38... Kc7 $11) 39. Qxe8 Nxg2 40. Kxg2 a3 1-0

[Event "FRA-chT Top 12"]
[Site "Saint Quentin"]
[Date "2014.05.31"]
[Round "8.1"]
[White "Ipatov, Alexander"]
[Black "Navara, David"]
[Result "0-1"]
[WhiteElo "2613"]
[BlackElo "2708"]
[Annotator "Ramirez Alvarez,A"]
[PlyCount "76"]
[EventDate "2014.05.24"]
[EventType "team-tourn"]
[EventRounds "11"]
[EventCountry "FRA"]
[SourceTitle "CBM 160 Extra"]
[Source "ChessBase"]
[SourceDate "2014.07.01"]
[SourceVersion "1"]
[SourceVersionDate "2014.07.01"]
[SourceQuality "1"]
[WhiteTeam "Bois Colombes"]
[BlackTeam "Mulhouse Philidor"]
[WhiteTeamCountry "FRA"]
[BlackTeamCountry "FRA"]

{Ipatov didn't have that great of a position, but he also saw it fall apart
with only one move.} 1. c4 e5 2. Nc3 Nf6 3. g3 Nc6 4. Bg2 Bc5 5. d3 {A reverse
Sicilian gives rise to close but interesting positions. Many times the battle
will be on how useful Black's dark-squared bishop will be.} d6 6. Nf3 O-O 7.
O-O a6 8. a3 Bd7 9. b4 Ba7 10. Bg5 h6 11. Bh4 {White takes advantage of the
fact that Black's bishop is on a7.} Nd4 $1 {Right on time, Navara has this
under control.} (11... g5 12. Nxg5 hxg5 13. Bxg5 $18 {leaves Black powerless
against Ne4 or Nd5.}) 12. Nxd4 (12. Nd5 $2 Nxf3+ 13. Bxf3 g5 {is only a
problem for White.}) 12... Bxd4 (12... exd4 13. Ne4 g5 14. Nxg5 hxg5 15. Bxg5 {
is completely unclear. White has definite compensation, but is it enough?}) 13.
Bxf6 Qxf6 14. Rc1 Bxc3 15. Rxc3 c6 16. a4 Qe7 17. a5 Bg4 18. Qd2 Qd7 19. Rb1 {
White is focusing on breaching the queenside, but Black has his own ideas in
the opposite side of the board.} Bh3 20. Bh1 (20. Bxh3 {is never a fun move to
play, but distracting the queen and playing b5 immediately is worth looking at.
}) 20... Qe7 21. Rcb3 $2 {The question mark is because of White's reluctance
to play b5, which he needed to do sooner rather than later.} Be6 22. R3b2 Qc7
23. Ra1 Rfc8 24. Qe3 d5 25. Qc5 Rd8 26. e3 dxc4 $1 {White has wasted too much
time and now Black opens the d-file with great effect as he controls it
unopposed.} 27. dxc4 Rd3 28. Rc1 Rad8 29. Bf3 Bh3 30. Rbb1 Rd2 31. Bg2 Qd7 32.
Bxh3 Qxh3 33. Rf1 Qf5 34. Rbe1 Qe4 35. b5 h5 36. h4 R8d6 {In time pressure
White has barely been surviving, but he is still holding on and he has some
pressure on the queenside. He is under the strong threat of Rg6, but he
figures he will throw in the pawn trade in first.} 37. bxc6 $4 (37. Re2 $1 {
Using the overload on the rook of d2, this was the only way to hold on to the
position.} R2d3 $1 $15) 37... Rg6 $1 {Black ignores the position on the
queenside and focuses entirely on the kingside, now the game is over.} 38. Kh2
Qf3 {It is impossible to defend f2 and with that White's position collapses.}
0-1

[Event "Moscow Aeroflot op-A 14th"]
[Site "Moscow"]
[Date "2015.03.27"]
[Round "1"]
[White "Potkin, Vladimir"]
[Black "Tabatabaei, Mohammad Amin"]
[Result "1-0"]
[WhiteElo "2605"]
[BlackElo "2448"]
[Annotator "Ramirez Alvarez,A"]
[PlyCount "41"]
[EventDate "2015.03.27"]
[EventType "swiss"]
[EventRounds "9"]
[EventCountry "RUS"]
[SourceTitle "CBM 166"]
[Source "ChessBase"]
[SourceDate "2015.05.11"]
[SourceVersion "1"]
[SourceVersionDate "2015.05.11"]
[SourceQuality "1"]

1. c4 Nf6 2. Nc3 e5 3. Nf3 Nc6 4. g3 Bc5 5. Bg2 d6 6. O-O a6 7. e3 O-O 8. b3
Ba7 9. Qc2 Re8 10. Bb2 h6 11. Nh4 Bd7 12. a3 Qc8 13. f4 Nd4 14. Qd3 Nxb3 15.
fxe5 Ng4 (15... dxe5 16. Rxf6 $1 Nxa1 17. Bd5 $1 {Is nothing that Black wanted
to toil with. Instead he moves the knight, keeping the threat on a1.}) 16. Nd5
$1 (16. Rae1 {the mere mortal move, is ok, but not as good as the game.} Nxe5
17. Qc2 Nc5 18. d4 Ncd3 19. dxe5 Nxe1 20. Rxe1 dxe5 $13) 16... Nc5 (16... Nxa1
17. Rxf7 $1 (17. exd6 {is also very strong, with the follow up of Rxf7 in the
air.}) 17... Kxf7 18. Qg6+ Kf8 19. e6 $1 {And White crashes through decisively.
}) 17. Qc2 dxe5 (17... Be6 18. exd6 cxd6 19. Nf5 $18) 18. Rxf7 $1 {What a shot!
} Kxf7 19. Qh7 {Not even a check, but decisive. Black has no good way of
meeting the threat of Rf1+.} Ke6 20. Nf5 $1 {Putting in more pressure! Black
is up a full rook but with his king on e6 it is clear he will not survive.} Na4
21. Nxc7+ {With a beautiful checkmate after} (21. Nxc7+ Qxc7 22. Qg6+ Nf6 23.
Bd5#) 1-0